| 000 | 00985nam a22003137a 4500 | ||
|---|---|---|---|
| 001 | 7082 | ||
| 003 | FISKH | ||
| 005 | 20250822135132.0 | ||
| 008 | 250620b cb ||||| |||| 00| 0 eng d | ||
| 020 | _a9780823953110 | ||
| 040 |
_aFISKH _beng _cFISKH _dFISKH |
||
| 050 | _aQL696.S473 G46 | ||
| 082 | _a598.47 | ||
| 100 | _aGibsson, Deborah Chase | ||
| 245 |
_aPenguins and their homes / _cBy Deborah Chase Gibson |
||
| 250 | _aFirst Edition | ||
| 260 |
_aNew York : _bPowerKids Press , _c1999. |
||
| 300 |
_a24 pages : _bcolor illustrations ; _c23 x 24 cm . |
||
| 490 | _aAnimal Habitats | ||
| 505 | _aN | ||
| 520 | _aPresents an overview of different kinds of penguins and how and where they make their homes. | ||
| 521 | 8 |
_a590
_bLexile IG |
|
| 521 | 8 |
_aN
_bRaz-Plus |
|
| 650 |
_aPenguins _vJuvenile Literature |
||
| 650 |
_aPenguins- Habitati _vJuvenile Literature |
||
| 700 |
_aSonsky, Kim _eBook Designer |
||
| 942 |
_2ddc _cBK _n0 |
||
| 999 |
_c7082 _d7082 |
||